00367nam a2200133Ia 4500003000400000008004100004040001600045082001800061100001900079245005900098260005300157300001000210650001300220GCL140319s9999 xx 000 0 eng d aGCL / cGCL04a621.3892bV C1 aCACHE, ETIENNE10aCONCRETE SOUND AND LIGHTING SYSTEMS / cCACHE, ETIENNE a[S.N] : bMacmillan Publishing Company ، c1989 a178 P04aLIGHTING